Statistics for Capital Cities Breakdown Puzzle #7

Click here to take the quiz!

General Stats

  • This quiz has been taken 662 times
  • The average score is 18 of 30

Answer Stats

HintAnswer% Correct
Opposite of max.MIN
98%
What boys becomeMEN
96%
IncorrectWRONG
94%
Six months before Jul.JAN
92%
America's uncle?SAM
90%
"Dancing Queen" bandABBA
89%
Make a requestASK
89%
Lawrence of ______ARABIA
85%
Street, in FranceRUE
81%
High school dancePROM
78%
Female sheepEWE
74%
Back antonymFRONT
73%
1/10TENTH
72%
Scottish 'yes'AYE
71%
Credit alternativeDEBIT
66%
The Police's frontmanSTING
54%
Inexperienced, gullibleNAIVE
52%
Individual fork prongTINE
47%
TASHKENT
46%
Be sure ofKNOW
45%
MASERU
38%
NIAMEY
35%
PARAMARIBO
32%
MBABANE
29%
VIENTIANE
28%
FREETOWN
27%
KINGSTOWN
23%
BRIDGETOWN
21%
Modify a textAMEND
18%
N'DJAMENA
12%

Score Distribution

Percentile by Number Answered

Percent of People with Each Score

Your Score History

You have not taken this quiz